[Event "OPEN AUBAGNE CEA 25-26"]
[Site "10 AV Joseph Fallen 13400 AUBAGNE"]
[Date "2025.11.08"]
[Round "2.2"]
[Board "2"]
[White "Madi, Walid"]
[Black "Roger, Patrick"]
[Result "1-0"]
[WhiteElo "1911"]
[BlackElo "1705"]
[WhiteFideId "-1"]
[WhiteFideId "-1"]
[PlyCount "80"]
[GameId "2242406866567550"]
[EventDate "2025.??.??"]
[WhiteTeam "Cercle d'Echecs Aubagnais"]
[BlackTeam "Echiquier Marseillais 1872"]

1. d4 e6 2. c4 Bb4+ 3. Bd2 c5 4. Bxb4 cxb4 5. Qd2 Qe7 6. g3 Nf6 7. Bg2 Nc6 8. d5 exd5 9. cxd5 Ne5 10. d6 Qe6 11. a3 O-O 12. Nf3 Nc4 13. Qxb4 Nxd6 14. Nc3 a5 15. Qf4 Ra6 16. O-O Re8 17. Rac1 b5 18. Nd4 Qe5 19. Qxe5 Rxe5 20. Ncxb5 Re8 21. Nc7 Rb6 22. Nxe8 Nfxe8 23. Nf5 Ba6 24. Nxd6 Nxd6 25. Rc2 Nf5 26. Rfc1 Kf8 27. e3 Ne7 28. Rd1 Bb5 29. Rcd2 f6 30. Rd6 Rb8 31. b3 a4 32. Rb1 Bc4 33. b4 Bb5 34. Bf1 Bc6 35. Bg2 Bb5 36. Rc1 Ng6 37. Rc5 Ke7 38. Rdd5 Bc6 39. Rh5 Bxg2 40. Kxg2 h6 1-0

[Event "OPEN AUBAGNE CEA 25-26"]
[Site "10 AV Joseph Fallen 13400 AUBAGNE"]
[Date "2025.11.08"]
[Round "2.3"]
[Board "3"]
[White "Connan, Pascal"]
[Black "Maggio, Lucas"]
[Result "0-1"]
[WhiteElo "1580"]
[BlackElo "1867"]
[WhiteFideId "-1"]
[WhiteFideId "-1"]
[PlyCount "98"]
[GameId "2242406808084847"]
[EventDate "2025.??.??"]
[WhiteTeam "Cercle d'Echecs Aubagnais"]
[BlackTeam "Cercle d'Echecs Aubagnais"]

1. d4 d5 2. Bf4 Nf6 3. Nd2 e6 4. Ngf3 c5 5. e3 Bd6 6. Ne5 O-O 7. Bd3 Qc7 8. c3 Nbd7 9. Ndf3 Ne4 10. O-O f6 11. Nxd7 Bxd7 12. Bxd6 Qxd6 13. a4 Bc6 14. Re1 Qe7 15. Nd2 e5 16. Nxe4 dxe4 17. Bc4+ Kh8 18. d5 Rad8 19. Re2 f5 20. Rd2 Be8 21. d6 Qf6 22. d7 Bf7 23. Bxf7 Rxf7 24. Rd5 Qe7 25. Qb3 Rxd7 26. Rad1 Rxd5 27. Qxd5 h6 28. Qd8+ Kh7 29. Qxe7 Rxe7 30. g3 Kg6 31. h4 Kf7 32. Rd5 b6 33. Kf1 Ke6 34. Rd2 Rd7 35. Rc2 Rd1+ 36. Ke2 Ra1 37. b3 Rb1 38. b4 cxb4 39. c4 b3 40. Rc3 Rb2+ 41. Ke1 Kd6 42. a5 Kc5 43. a6 Kb4 44. Rc1 Rc2 45. Rxc2 bxc2 46. Kd2 Kb3 47. Kc1 h5 48. c5 bxc5 49. g4 fxg4 0-1

[Event "OPEN AUBAGNE CEA 25-26"]
[Site "10 AV Joseph Fallen 13400 AUBAGNE"]
[Date "2025.11.08"]
[Round "2.4"]
[Board "4"]
[White "Belaid, Noa"]
[Black "Engles, Pierre"]
[Result "1-0"]
[WhiteElo "1782"]
[BlackElo "1616"]
[WhiteFideId "-1"]
[WhiteFideId "-1"]
[PlyCount "99"]
[GameId "2242406758609248"]
[EventDate "2025.??.??"]
[WhiteTeam "Hay Chess"]
[BlackTeam "Hay Chess"]

1. e4 Nf6 2. Nc3 e5 3. Nf3 Bb4 4. d3 d5 5. exd5 Nxd5 6. Bd2 Nc6 7. Be2 O-O 8. O-O Nxc3 9. Bxc3 Bxc3 10. bxc3 Bf5 11. Nd2 Re8 12. Bf3 Qf6 13. Ne4 Qh4 14. Qb1 Re6 15. g3 Qe7 16. Bg2 b6 17. Re1 Rd8 18. Qb5 Nb8 19. Rad1 Bg6 20. Nd2 Re8 21. Qa4 a5 22. Re3 Nd7 23. Rde1 Nf6 24. Bh3 Nd5 25. Bxe6 Nxe3 26. Bxf7+ Bxf7 27. Rxe3 Bd5 28. c4 Bb7 29. Qb3 Qf7 30. Ne4 Rf8 31. c5 Bxe4 32. Qxf7+ Rxf7 33. Rxe4 Rf5 34. cxb6 cxb6 35. g4 Rg5 36. h4 Rg6 37. f3 Rc6 38. c4 Rd6 39. Re3 Kf7 40. Kf2 Kf6 41. Ke2 h6 42. Kd2 g5 43. h5 Ke6 44. Kc3 Rd7 45. Re2 Kd6 46. Rb2 Kc6 47. Rb5 Re7 48. Kd2 Re6 49. Ke3 a4 50. Ke4 1-0

[Event "OPEN AUBAGNE CEA 25-26"]
[Site "10 AV Joseph Fallen 13400 AUBAGNE"]
[Date "2025.11.08"]
[Round "2.5"]
[Board "5"]
[White "Cotton, Paul"]
[Black "Vrillet, Sylvain"]
[Result "0-1"]
[WhiteElo "1569"]
[BlackElo "1777"]
[WhiteFideId "-1"]
[WhiteFideId "-1"]
[PlyCount "108"]
[GameId "2242020417220809"]
[EventDate "2025.??.??"]
[WhiteTeam "Cercle d'Echecs Aubagnais"]
[BlackTeam "Cercle d'Echecs Aubagnais"]

1. c4 d6 2. Nc3 e5 3. d3 Nc6 4. Nf3 Be7 5. g3 Nf6 6. Bg2 O-O 7. O-O h6 8. a3 Re8 9. b4 Bf8 10. b5 Ne7 11. a4 c6 12. bxc6 bxc6 13. Rb1 Qc7 14. Ba3 Ng6 15. Qc2 d5 16. Bxf8 Kxf8 17. Nd2 Bb7 18. Rb3 Rad8 19. Rfb1 Ba8 20. Na2 d4 21. Nb4 c5 22. Bxa8 Rxa8 23. Na6 Qd6 24. Nb8 Raxb8 25. Rxb8 Rxb8 26. Rxb8+ Qxb8 27. Nb3 Qb4 28. Nd2 Ne7 29. Nf3 Nd7 30. Kg2 Nc6 31. Nd2 Nb6 32. Ne4 Nxa4 33. Nd6 Nc3 34. Nb5 Nxb5 35. cxb5 Qxb5 36. Qa2 Qb7 37. Qd5 Nd8 38. Qxb7 Nxb7 39. Kf1 Ke7 40. Ke1 f5 41. f3 Nd6 42. Kd2 c4 43. dxc4 Nxc4+ 44. Kd3 Ne3 45. h3 Kd6 46. f4 Kd5 47. fxe5 Kxe5 48. Kd2 Ke4 49. Ke1 g5 50. Kf2 a5 51. Ke1 a4 52. Kd2 Nf1+ 53. Kc2 Nxg3 54. Kb2 Nxe2 0-1

[Event "OPEN AUBAGNE CEA 25-26"]
[Site "10 AV Joseph Fallen 13400 AUBAGNE"]
[Date "2025.11.08"]
[Round "2.6"]
[Board "9"]
[White "Engles, Baptiste"]
[Black "Arlot, Bastien"]
[Result "1-0"]
[WhiteElo "1725"]
[BlackElo "1628"]
[WhiteFideId "-1"]
[WhiteFideId "-1"]
[PlyCount "79"]
[GameId "2242020417220813"]
[EventDate "2025.??.??"]
[WhiteTeam "Hay Chess"]
[BlackTeam "Hay Chess"]

1. e4 c5 2. d4 cxd4 3. c3 dxc3 4. Nxc3 e6 5. Nf3 Nc6 6. Bc4 a6 7. O-O Nge7 8. h4 b5 9. Bb3 Na5 10. Bc2 Bb7 11. Qe2 Qc7 12. h5 h6 13. Rd1 d6 14. Bf4 Nc4 15. Bd3 Ne5 16. Rac1 N7c6 17. Nxe5 dxe5 18. Be3 Rd8 19. a3 Be7 20. Qg4 Bf6 21. b4 Qe7 22. Bc5 Qc7 23. a4 Bg5 24. Ra1 Ne7 25. axb5 O-O 26. bxa6 Ba8 27. Bxe7 Qxe7 28. b5 Qb4 29. Ne2 Rxd3 30. Rxd3 Qxb5 31. Qf3 Qc4 32. Ng3 Rc8 33. a7 Rc7 34. Rb3 Bf4 35. Rb8+ Rc8 36. Rab1 Kh7 37. Qb3 Bxg3 38. Qxc4 Bxf2+ 39. Kxf2 Rxc4 40. Rxa8 1-0

[Event "OPEN AUBAGNE CEA 25-26"]
[Site "10 AV Joseph Fallen 13400 AUBAGNE"]
[Date "2025.11.08"]
[Round "2.7"]
[Board "8"]
[White "Dessagnes, Enzo"]
[Black "Velut, Nicolas"]
[Result "0-1"]
[WhiteElo "1565"]
[BlackElo "1728"]
[WhiteFideId "-1"]
[WhiteFideId "-1"]
[PlyCount "54"]
[GameId "2242020417220812"]
[EventDate "2025.??.??"]
[WhiteTeam "Cercle d'Echecs Aubagnais"]
[BlackTeam "Hay Chess"]

1. e4 d6 2. d4 Nf6 3. Nc3 Nbd7 4. Bc4 e5 5. Nf3 Be7 6. Bg5 c6 7. O-O b5 8. dxe5 dxe5 9. Bxf6 Nxf6 10. Bxf7+ Kxf7 11. Nxe5+ Ke6 12. f4 Qxd1 13. Raxd1 Bb7 14. g4 Rad8 15. g5 Nh5 16. Ng4 Rhf8 17. f5+ Kf7 18. g6+ hxg6 19. Ne5+ Kg8 20. Nxg6 Bc5+ 21. Kg2 Rfe8 22. Ne2 Rxd1 23. Rxd1 Rxe4 24. Kf3 Re8 25. Rd7 Bc8 26. Rc7 Bxf5 27. Rxc6 Be4+ 0-1

[Event "OPEN AUBAGNE CEA 25-26"]
[Site "10 AV Joseph Fallen 13400 AUBAGNE"]
[Date "2025.11.08"]
[Round "2.8"]
[Board "6"]
[White "Maffone, Jean-Charles"]
[Black "Hassaine, Rachid"]
[Result "1-0"]
[WhiteElo "1745"]
[BlackElo "1590"]
[WhiteFideId "-1"]
[WhiteFideId "-1"]
[PlyCount "89"]
[GameId "2242020417220810"]
[EventDate "2025.??.??"]
[WhiteTeam "Cercle d'Echecs Aubagnais"]
[BlackTeam "Cercle d'Echecs Aubagnais"]

1. e4 e5 2. Nf3 Nc6 3. d4 d6 4. d5 Nce7 5. h3 h6 6. c4 Ng6 7. Nc3 a6 8. Be3 Nh4 9. g3 Nxf3+ 10. Qxf3 Qf6 11. Qxf6 Nxf6 12. Be2 Be7 13. f4 g6 14. fxe5 dxe5 15. a3 Nh5 16. Bxh5 gxh5 17. O-O-O Bg5 18. Bxg5 hxg5 19. Rdf1 Rf8 20. Rf6 Rh8 21. Rh2 Rh7 22. c5 Bd7 23. b4 Ke7 24. Rff2 Rh6 25. d6+ cxd6 26. Nd5+ Kf8 27. Nb6 Rd8 28. Rd2 Bc6 29. Nc4 Rf6 30. Nxd6 Rf3 31. Rhf2 Rxf2 32. Rxf2 Kg7 33. Rxf7+ Kg6 34. Rf2 Rd7 35. Kc2 Ba4+ 36. Kc3 b6 37. Rf5 bxc5 38. bxc5 Re7 39. Rf8 Re6 40. Kb4 Bc2 41. Ka5 Bd3 42. Rd8 Kf6 43. c6 Ke7 44. c7 Rxd6 45. Rxd6 1-0

[Event "OPEN AUBAGNE CEA 25-26"]
[Site "10 AV Joseph Fallen 13400 AUBAGNE"]
[Date "2025.11.08"]
[Round "2.9"]
[Board "7"]
[White "Exposito-Borg, Sacha"]
[Black "Battaglia, Gerard"]
[Result "0-1"]
[WhiteElo "1299"]
[BlackElo "1735"]
[WhiteFideId "-1"]
[WhiteFideId "-1"]
[PlyCount "80"]
[GameId "2242020417220811"]
[EventDate "2025.??.??"]
[WhiteTeam "Cercle d'Echecs Aubagnais"]
[BlackTeam "Echiquier Marseillais 1872"]

1. e4 e5 2. Nf3 d6 3. Bc4 Be7 4. O-O Nf6 5. Nc3 c6 6. d3 h6 7. h3 a5 8. a4 Nbd7 9. Be3 O-O 10. d4 exd4 11. Nxd4 Nc5 12. Qf3 Qc7 13. Bf4 Nfd7 14. Nf5 Ne5 15. Qe2 Bxf5 16. exf5 Bf6 17. Be3 Ned7 18. Qg4 Kh7 19. Rad1 d5 20. Be2 Rae8 21. Bf3 Ne5 22. Qf4 Bg5 23. Qg3 Nxf3+ 24. Qxf3 Bxe3 25. fxe3 Qe5 26. Rfe1 Re7 27. g4 Rfe8 28. Kf2 Qf6 29. Kg2 Qg5 30. Kf2 Qh4+ 31. Kg2 Rd8 32. Qf2 Qf6 33. Rd4 Rde8 34. Kf3 Nd7 35. h4 Ne5+ 36. Kf4 g5+ 37. hxg5 Qxg5+ 38. Kg3 Nc4 39. Nd1 Re4 40. Kf3 Qxg4# 0-1

[Event "OPEN AUBAGNE CEA 25-26"]
[Site "10 AV Joseph Fallen 13400 AUBAGNE"]
[Date "2025.11.08"]
[Round "2.10"]
[Board "10"]
[White "Vrillet, Loan"]
[Black "Turpin, Isabelle"]
[Result "1-0"]
[WhiteElo "1696"]
[BlackElo "1442"]
[WhiteFideId "-1"]
[WhiteFideId "-1"]
[PlyCount "77"]
[GameId "2242020417220814"]
[EventDate "2025.??.??"]
[WhiteTeam "Cercle d'Echecs Aubagnais"]
[BlackTeam "Cercle d'Echecs Aubagnais"]

1. d4 d5 2. c4 e6 3. Nc3 Nf6 4. Bg5 c5 5. cxd5 h6 6. Bxf6 Qxf6 7. Nf3 Bd6 8. g3 Nd7 9. Bg2 e5 10. Ne4 Qe7 11. Nxd6+ Qxd6 12. dxe5 Nxe5 13. e4 Nc4 14. Qa4+ Bd7 15. Qxc4 O-O 16. a4 Rfe8 17. O-O Re7 18. e5 Qb6 19. Rfe1 Rae8 20. Qc3 f6 21. e6 Bc8 22. Nh4 Bxe6 23. dxe6 Rxe6 24. Bd5 Kf7 25. Rxe6 Rxe6 26. Re1 g5 27. Qc2 gxh4 28. Qh7+ Kf8 29. Rxe6 Qxe6 30. Bxe6 Ke8 31. Qxb7 a5 32. Qc7 hxg3 33. hxg3 c4 34. Qxa5 h5 35. Qc5 f5 36. a5 c3 37. bxc3 f4 38. a6 f3 39. a7 1-0

[Event "OPEN AUBAGNE CEA 25-26"]
[Site "10 AV Joseph Fallen 13400 AUBAGNE"]
[Date "2025.11.08"]
[Round "2.11"]
[Board "11"]
[White "Gomez, Guy"]
[Black "Autouard, Jean-Luc"]
[Result "1-0"]
[WhiteElo "1684"]
[BlackElo "1563"]
[WhiteFideId "-1"]
[WhiteFideId "-1"]
[PlyCount "36"]
[GameId "2242020417220815"]
[EventDate "2025.??.??"]
[WhiteTeam "Cercle d'Echecs Aubagnais"]
[BlackTeam "Cercle d'Echecs Aubagnais"]

1. e4 e5 2. Nf3 Nc6 3. Bc4 Nf6 4. d3 Bc5 5. O-O O-O 6. h3 d6 7. c3 Na5 8. Bb5 c6 9. Ba4 b5 10. Bc2 Qe8 11. b4 Bxf2+ 12. Rxf2 Nb7 13. Bg5 Qe6 14. Nh2 d5 15. Bxf6 gxf6 16. Ng4 Kh8 17. Nxf6 dxe4 18. Qh5 Qxf6 1-0

[Event "OPEN AUBAGNE CEA 25-26"]
[Site "10 AV Joseph Fallen 13400 AUBAGNE"]
[Date "2025.11.08"]
[Round "2.12"]
[Board "12"]
[White "Gamblin, Vincent"]
[Black "Innocenti, Georges"]
[Result "1-0"]
[WhiteElo "1676"]
[BlackElo "1399"]
[WhiteFideId "-1"]
[WhiteFideId "-1"]
[PlyCount "21"]
[GameId "2242020417220816"]
[EventDate "2025.??.??"]
[WhiteTeam "L'Echiquier du Roy René"]
[BlackTeam "La Dame de la Sainte Baume"]

1. e4 e5 2. Nf3 Nc6 3. Bb5 Nge7 4. O-O g6 5. d4 f6 6. c3 a6 7. Ba4 d5 8. dxe5 fxe5 9. Nxe5 b5 10. Nxc6 bxa4 11. Nxd8 1-0

[Event "OPEN AUBAGNE CEA 25-26"]
[Site "10 AV Joseph Fallen 13400 AUBAGNE"]
[Date "2025.11.08"]
[Round "2.14"]
[Board "14"]
[White "Deregnaucourt, Yves"]
[Black "Graillon, Baptiste"]
[Result "1-0"]
[WhiteElo "1664"]
[BlackElo "1461"]
[WhiteFideId "-1"]
[WhiteFideId "-1"]
[PlyCount "93"]
[GameId "2242020417220818"]
[EventDate "2025.??.??"]
[WhiteTeam "Cercle d'Echecs Aubagnais"]
[BlackTeam "Marseille-Echecs"]

1. e4 c5 2. d4 cxd4 3. c3 dxc3 4. Nxc3 Nc6 5. Nf3 d6 6. Bc4 e6 7. O-O Nf6 8. Qe2 Be7 9. Rd1 Qc7 10. Nb5 Qb8 11. Bf4 e5 12. Bg5 a6 13. Nc3 O-O 14. Rac1 h6 15. Bxf6 Bxf6 16. Nd5 b5 17. Nxf6+ gxf6 18. Bd5 Ne7 19. Bxa8 Qxa8 20. Rxd6 Kg7 21. Qd3 Bb7 22. Nd2 Rc8 23. Rxc8 Qxc8 24. Qc3 Qxc3 25. bxc3 Bc6 26. f3 Kg6 27. Nb3 Ba8 28. Rxa6 Bc6 29. Ra7 Ng8 30. Rc7 Be8 31. Rc8 Bd7 32. Rxg8+ Kh7 33. Rd8 Be6 34. Kf2 f5 35. Rb8 fxe4 36. fxe4 Bc4 37. Rc8 Bd3 38. Ke3 Bf1 39. g3 Kg6 40. a3 Bc4 41. Nc5 Kf6 42. Rc6+ Kg5 43. Nd7 h5 44. Rxc4 bxc4 45. Nxe5 f6 46. Nf3+ Kg4 47. a4 1-0

[Event "OPEN AUBAGNE CEA 25-26"]
[Site "10 AV Joseph Fallen 13400 AUBAGNE"]
[Date "2025.11.08"]
[Round "2.15"]
[Board "16"]
[White "Bouidh, Sonia"]
[Black "Benezra, Silke"]
[Result "0-1"]
[WhiteElo "1463"]
[BlackElo "1584"]
[WhiteFideId "-1"]
[WhiteFideId "-1"]
[PlyCount "100"]
[GameId "2242020417220820"]
[EventDate "2025.??.??"]
[WhiteTeam "Echecs Academy de Marseille"]
[BlackTeam "L'Echiquier du Roy René"]

{[%evp 0,100,25,13,30,-6,23,2,8,56,58,19,26,21,42,-14,-14,-91,-1,-35,-19,-12,-31,-29,-23,-59,-21,-15,-10,-15,-13,-27,3,-19,-6,-6,-8,-9,0,6,22,10,6,4,302,0,0,-167,-170,-188,-188,-189,-196,-196,-167,-167,-167,-165,-85,-349,-224,-227,-227,-226,-226,-256,-257,-250,-251,-240,-262,-253,-262,-266,-252,-447,-445,-484,-486,-688,-663,-685,-529,-527,-479,-479,-179,-255,-255,-247,-114,-80,-156,-593,-702,-1046,-605,-1540,-555,-601,-558,-1308,-1347]} 1. d4 Nf6 2. Bf4 c5 3. e3 cxd4 4. exd4 g6 5. Bd3 Bg7 6. Nf3 O-O 7. Qd2 Nc6 8. Bh6 Qa5 9. c3 d6 10. Bxg7 Kxg7 11. O-O Bg4 12. Be2 Rad8 13. Na3 d5 14. Nc2 Qc7 15. Rfe1 e6 16. Ne3 Bxf3 17. Bxf3 h5 18. g3 Rh8 19. Ng2 Ne7 20. Qg5 Nf5 21. Nf4 Nh7 22. Nxh5+ Kf8 23. Qd2 gxh5 24. Bxh5 Nf6 25. Bf3 Ke7 26. Re5 Rdg8 27. Rae1 Nh4 28. Bh1 Ng4 29. R5e2 Nf5 30. f4 Nf6 31. Re5 Kd8 32. R5e2 Nd6 33. b3 Nfe4 34. Bxe4 Nxe4 35. Rxe4 dxe4 36. Rxe4 Rh3 37. Kg2 Rgh8 38. Kf3 Rxh2 39. Qe3 Qc6 40. d5 Qxd5 41. Qd4 Rd2 42. Qxh8+ Ke7 43. Qe5 Qd3+ 44. Re3 Qf1+ 45. Kg4 Qd1+ 46. Kg5 Rd5 47. Kh4 Rxe5 48. Rxe5 Qd2 49. Ra5 a6 50. c4 Qxa5 0-1

[Event "OPEN AUBAGNE CEA 25-26"]
[Site "10 AV Joseph Fallen 13400 AUBAGNE"]
[Date "2025.11.08"]
[Round "2.16"]
[Board "15"]
[White "Jardel, Stephane"]
[Black "Giraudoux Lognos, Lina"]
[Result "1-0"]
[WhiteElo "1591"]
[BlackElo "1402"]
[WhiteFideId "-1"]
[WhiteFideId "-1"]
[PlyCount "45"]
[GameId "2242020417220819"]
[EventDate "2025.??.??"]
[WhiteTeam "Cercle d'Echecs Aubagnais"]
[BlackTeam "Cercle d'Echecs Aubagnais"]

1. c4 c5 2. Nf3 Nc6 3. g3 e5 4. Nc3 Nf6 5. d3 Be7 6. Bg2 O-O 7. O-O d6 8. h3 Be6 9. e3 d5 10. Ng5 d4 11. Nxe6 fxe6 12. Ne4 Rb8 13. Bd2 Nxe4 14. Bxe4 b6 15. Qh5 g6 16. Qg4 dxe3 17. Qxe6+ Kh8 18. fxe3 Qc7 19. Bxc6 Rbd8 20. Bd5 e4 21. Bc3+ Bf6 22. Bxf6+ Rxf6 23. Qxf6+ 1-0

[Event "OPEN AUBAGNE CEA 25-26"]
[Site "10 AV Joseph Fallen 13400 AUBAGNE"]
[Date "2025.11.08"]
[Round "2.17"]
[Board "17"]
[White "Pala, Gerard"]
[Black "Hovaguimian, Gerard"]
[Result "0-1"]
[WhiteElo "1446"]
[BlackElo "1551"]
[WhiteFideId "-1"]
[WhiteFideId "-1"]
[PlyCount "48"]
[GameId "2242020417220821"]
[EventDate "2025.??.??"]
[WhiteTeam "Cercle d'Echecs Aubagnais"]
[BlackTeam "Hay Chess"]

1. c4 Nf6 2. g3 c5 3. Nf3 e6 4. Bg2 Nc6 5. b3 Be7 6. O-O O-O 7. Nc3 d5 8. cxd5 Nxd5 9. Nxd5 exd5 10. d4 cxd4 11. Nxd4 Nxd4 12. Qxd4 Bf6 13. Bg5 Bxd4 14. Bxd8 Bxa1 15. Rxa1 Rxd8 16. h4 Be6 17. Rc1 Rac8 18. Re1 b6 19. Kh2 Rc2 20. a4 Rdc8 21. h5 h6 22. Bf1 Rc1 23. Rxc1 Rxc1 24. Kg1 Rb1 0-1

[Event "OPEN AUBAGNE CEA 25-26"]
[Site "10 AV Joseph Fallen 13400 AUBAGNE"]
[Date "2025.11.08"]
[Round "2.18"]
[Board "18"]
[White "Leonti, Denis"]
[Black "Belaid, Myriam"]
[Result "1-0"]
[WhiteElo "1534"]
[BlackElo "1399"]
[WhiteFideId "-1"]
[WhiteFideId "-1"]
[PlyCount "83"]
[GameId "2242020417286358"]
[EventDate "2025.??.??"]
[WhiteTeam "Hay Chess"]
[BlackTeam "Cercle d'Echecs Aubagnais"]

1. e4 c5 2. Nc3 d6 3. g3 Nc6 4. Bg2 g6 5. d3 Bg7 6. Be3 Nf6 7. Nge2 O-O 8. d4 cxd4 9. Nxd4 Bd7 10. O-O Qc7 11. Nxc6 Bxc6 12. Qc1 Rfd8 13. Bh6 Ng4 14. Bxg7 Kxg7 15. Qf4 Ne5 16. Qc1 Rab8 17. Ne2 Bb5 18. Re1 Qb6 19. Nc3 Bc6 20. Nd5 Bxd5 21. exd5 Ng4 22. Qf4 Nf6 23. b3 Qb5 24. c4 Qb6 25. Rxe7 Re8 26. Rae1 Qd8 27. Rxe8 Nxe8 28. Qd4+ f6 29. Qxa7 Qc7 30. Qe3 Rd8 31. Qe7+ Kh6 32. Qxc7 Nxc7 33. Re7 Rc8 34. Be4 f5 35. Bd3 b6 36. h4 Na6 37. f4 Nc5 38. Bc2 Ra8 39. a4 Rb8 40. h5 gxh5 41. Bxf5 Rg8 42. Rxh7# 1-0

[Event "OPEN AUBAGNE CEA 25-26"]
[Site "10 AV Joseph Fallen 13400 AUBAGNE"]
[Date "2025.11.08"]
[Round "2.19"]
[Board "21"]
[White "Peucelle, Richard"]
[Black "Moerenhout, Jean Claude"]
[Result "0-1"]
[WhiteElo "1399"]
[BlackElo "1513"]
[WhiteFideId "-1"]
[WhiteFideId "-1"]
[PlyCount "72"]
[GameId "2242020417286361"]
[EventDate "2025.??.??"]
[WhiteTeam "Cercle d'Echecs Aubagnais"]
[BlackTeam "Cercle d'Echecs Aubagnais"]

1. e4 e5 2. Nf3 Nc6 3. Bc4 Bc5 4. c3 Nf6 5. d3 h6 6. Nbd2 O-O 7. Nf1 Ng4 8. d4 exd4 9. Ng3 dxc3 10. O-O cxb2 11. Bxb2 d6 12. h3 Nf6 13. Nf5 Na5 14. Bd3 a6 15. Bc3 Nc6 16. a4 Be6 17. Rb1 Bb6 18. e5 dxe5 19. Nxe5 Nxe5 20. Bxe5 Nd5 21. Bxg7 Bxf5 22. Bxf8 Bxd3 23. Bxh6 Bg6 24. Qg4 Nf6 25. Qg5 Ne4 26. Qxd8+ Rxd8 27. Rxb6 cxb6 28. Be3 b5 29. a5 Nc3 30. Re1 b4 31. Bb6 Rd5 32. Re8+ Kh7 33. Rc8 Na4 34. Be3 Rxa5 35. Rc1 Rb5 36. Rb1 Bxb1 0-1

[Event "OPEN AUBAGNE CEA 25-26"]
[Site "10 AV Joseph Fallen 13400 AUBAGNE"]
[Date "2025.11.08"]
[Round "2.21"]
[Board "22"]
[White "Pouliquen, Gilbert"]
[Black "Copetti, Christian"]
[Result "1-0"]
[WhiteElo "1399"]
[BlackElo "1499"]
[WhiteFideId "-1"]
[WhiteFideId "-1"]
[PlyCount "121"]
[GameId "2242020417286362"]
[EventDate "2025.??.??"]
[WhiteTeam "Echiquier Marseillais 1872"]
[BlackTeam "Hay Chess"]

1. d4 d5 2. c4 e6 3. Nc3 Nf6 4. Bg5 Bd7 5. e3 c5 6. Nf3 Qb6 7. Qc2 Ne4 8. Bf4 Bc6 9. Ne5 Nd7 10. Nxc6 bxc6 11. Bd3 Ndf6 12. O-O Bd6 13. Bxd6 Nxd6 14. Na4 Qc7 15. Nxc5 a5 16. a4 Nde4 17. cxd5 exd5 18. h3 O-O 19. Rac1 Rfc8 20. Nxe4 dxe4 21. Bb5 Qb6 22. Bc4 Rc7 23. Qb3 Qa7 24. Rc3 Nd5 25. Bxd5 cxd5 26. Qxd5 Rxc3 27. bxc3 Rf8 28. Qxe4 Qd7 29. d5 Re8 30. Qd4 Qf5 31. f3 h6 32. c4 Qd7 33. c5 Qb7 34. c6 Qb3 35. e4 f5 36. e5 f4 37. Qxf4 Qxd5 38. Qe4 Qc5+ 39. Kh2 Rxe5 40. Qb1 Qxc6 41. Qb8+ Re8 42. Qb3+ Kh7 43. Qd3+ Kh8 44. Qd1 Qa6 45. Re1 Qc6 46. Rxe8+ Qxe8 47. Qd4 Qb8+ 48. g3 Qb4 49. Qd8+ Kh7 50. Qd3+ Kg8 51. Qc2 Qe7 52. Kg2 h5 53. h4 Qf7 54. Qd2 Qb3 55. Qd8+ Kh7 56. Qxa5 Qc2+ 57. Kh3 Qg6 58. Qg5 Qe6+ 59. g4 hxg4+ 60. Qxg4 Qc6 61. Qe4+ 1-0

[Event "OPEN AUBAGNE CEA 25-26"]
[Site "10 AV Joseph Fallen 13400 AUBAGNE"]
[Date "2025.11.08"]
[Round "2.22"]
[Board "19"]
[White "Khojasteh, Armand"]
[Black "Engles, Simeon"]
[Result "1-0"]
[WhiteElo "1524"]
[BlackElo "1456"]
[WhiteFideId "-1"]
[WhiteFideId "-1"]
[PlyCount "108"]
[GameId "2242020417286359"]
[EventDate "2025.??.??"]
[WhiteTeam "Club Provence Echecs"]
[BlackTeam "Hay Chess"]

1. d4 d5 2. Nc3 Nf6 3. Bf4 a6 4. e3 Bf5 5. h3 Nc6 6. g4 Be6 7. Bg2 h6 8. Qf3 b5 9. g5 hxg5 10. Bxg5 b4 11. Na4 Ne4 12. Bf4 g5 13. Bh2 Na5 14. Qe2 f5 15. f3 Nd6 16. Be5 Rh6 17. Nc5 Qc8 18. b3 Nb5 19. Bf1 Bd7 20. Qd2 e6 21. Nd3 c5 22. dxc5 Bxc5 23. Nxb4 Bxb4 24. Qxb4 Nc6 25. Qd2 Nxe5 26. e4 Qc3 27. Rd1 Qxd2+ 28. Rxd2 fxe4 29. fxe4 dxe4 30. Bg2 Bc6 31. Re2 Rh4 32. Re3 Na3 33. Rc3 Nb5 34. Rc5 Kd7 35. Rxe5 Rg8 36. Rc5 Bd5 37. c4 Kd6 38. b4 Na3 39. cxd5 exd5 40. Ne2 Rb8 41. Ra5 Nc2+ 42. Kd2 Nxb4 43. Ng3 Ke5 44. Rb1 e3+ 45. Ke2 Kf4 46. Nf1 d4 47. Ra3 Rhh8 48. Rab3 a5 49. a3 Na6 50. Rb7 Rbc8 51. Rf7+ Ke5 52. Rb5+ Ke6 53. Bd5+ Kd6 54. Rf6+ Ke7 1-0

[Event "OPEN AUBAGNE CEA 25-26"]
[Site "10 AV Joseph Fallen 13400 AUBAGNE"]
[Date "2025.11.08"]
[Round "2.23"]
[Board "23"]
[White "Hospital, Mathieu"]
[Black "Rocchia, Alex"]
[Result "0-1"]
[WhiteElo "1399"]
[BlackElo "1480"]
[WhiteFideId "-1"]
[WhiteFideId "-1"]
[PlyCount "78"]
[GameId "2242020417286363"]
[EventDate "2025.??.??"]
[WhiteTeam "Cercle d'Echecs Aubagnais"]
[BlackTeam "Cercle d'Echecs Aubagnais"]

1. d3 e5 2. e4 Nf6 3. Nd2 Bc5 4. c3 d6 5. g3 Ng4 6. Bh3 Nxf2 7. Qe2 Nxh1 8. Ndf3 Nf2 9. Bxc8 Qxc8 10. Be3 Ng4 11. d4 Nxe3 12. Qxe3 Bb6 13. O-O-O O-O 14. h3 Qe6 15. Ng5 Qxa2 16. Qf3 Qa1+ 17. Kd2 Qxb2+ 18. Ke1 Nd7 19. Ne2 a5 20. g4 h6 21. h4 hxg5 22. hxg5 Qc2 23. Rc1 Qa2 24. Kf2 Rae8 25. Rh1 Re6 26. Qh3 f5 27. gxf5 exd4 28. g6 dxc3+ 29. Kf3 Rxg6 30. Qh7+ Kf7 31. Qxg6+ Ke7 32. Qxg7+ Ke8 33. Rh7 Ne5+ 34. Kf4 Qf7 35. f6 Qxf6+ 36. Qxf6 Rxf6+ 37. Kg5 Rf7 38. Rh6 Be3+ 39. Kh5 Bxh6 0-1